Christ in you : (Record no. 7102)
[ view plain ]
| 000 -LEADER | |
|---|---|
| fixed length control field | 00619nam a22002172 4500 |
| 001 - CONTROL NUMBER | |
| control field | 0000005874 |
| 005 - DATE AND TIME OF LATEST TRANSACTION | |
| control field | 20151217152007.0 |
| 008 - FIXED-LENGTH DATA ELEMENTS--GENERAL INFORMATION | |
| fixed length control field | 070726s xx 000 0 eng d |
| 020 ## - INTERNATIONAL STANDARD BOOK NUMBER | |
| International Standard Book Number | 1572930683 : |
| Terms of availability | KES 490 |
| 040 ## - CATALOGING SOURCE | |
| Original cataloging agency | KABU |
| Transcribing agency | KABU |
| 050 #0 - LIBRARY OF CONGRESS CALL NUMBER | |
| Classification number | BT304 |
| Item number | .C37 |
| 100 1# - MAIN ENTRY--PERSONAL NAME | |
| Personal name | Carter, Les. |
| -- | 0000157139 |
| 245 10 - TITLE STATEMENT | |
| Title | Christ in you : |
| Remainder of title | refleting his glory. |
| 260 ## - PUBLICATION, DISTRIBUTION, ETC. (IMPRINT) | |
| Place of publication, distribution, etc. | Grand Rapids, MI : |
| Name of publisher, distributor, etc. | Discovery, |
| Date of publication, distribution, etc. | 2001. |
| 300 ## - PHYSICAL DESCRIPTION | |
| Extent | 208 p. |
| 650 #0 - SUBJECT ADDED ENTRY--TOPICAL TERM | |
| Topical term or geographic name as entry element | Jesus Christ |
| General subdivision | Character. |
| -- | 0000157140 |
| 650 #0 - SUBJECT ADDED ENTRY--TOPICAL TERM | |
| Topical term or geographic name as entry element | Christian life. |
| -- | 0000149167 |
| 908 ## - PUT COMMAND PARAMETER (RLIN) | |
| Put command parameter | 070726 |
| 950 ## - LOCAL HOLDINGS (RLIN) | |
| -- | 1 |
| Withdrawn status | Lost status | Source of classification or shelving scheme | Not for loan | Home library | Current library | Date acquired | Total Checkouts | Full call number | Barcode | Date last seen | Price effective from | Koha item type |
|---|---|---|---|---|---|---|---|---|---|---|---|---|
| Library of Congress Classification | Kabarak, Main Campus | Kabarak, Main Campus | 17/12/2015 | BT304 .C37 | 000340 | 17/12/2015 | 17/12/2015 | General Collection |